000 00680nam a2200229Ia 4500
001 16136
003 GE_BSU
008 181216s||||||||xx |||||||||||||| ||und||
020 _a9780123749574
040 _cGE_BSU
080 _a004.2
100 _aSaltzer,Jerome H. Kaashoek, Frans
245 _aPrinciples of computer system design : an introduction
260 _aAmsterdam
260 _c2009
300 _a526 p. : ill. ; 24 cm
541 _h161 L.
653 _aPrinciples of computer system design : an introduction
653 _aინფორმატიკა
653 _aსაინფორმაციო ტექნოლოგიები
942 _cBK
999 _c49224
_d49224